University Home | Library Home | Institutional Repository

City of discontent : (Record no. 139171)

MARC details
000 -LEADER
fixed length control field 00773cam1a220020500 4500
001 - CONTROL NUMBER
control field tmp15356641
003 - CONTROL NUMBER IDENTIFIER
control field UPRA
005 - DATE AND TIME OF LATEST TRANSACTION
control field 20190823083112.0
008 - FIXED-LENGTH DATA ELEMENTS--GENERAL INFORMATION
fixed length control field 950801s1963 inu deng u
035 ## - SYSTEM CONTROL NUMBER
System control number (Sirsi) r10481
035 ## - SYSTEM CONTROL NUMBER
System control number (UPRA)tmp15356641
040 ## - CATALOGING SOURCE
Transcribing agency UPRA
100 1# - MAIN ENTRY--PERSONAL NAME
Personal name Harris, Mark.
Linkage A64055.1
245 10 - TITLE STATEMENT
Title City of discontent :
Remainder of title an interpretive biography of Vachel Lindsay, being also the story of Springfield, Illinois, U.S.A. and of the love of the poet for that city, that state and that nation.
260 ## - PUBLICATION, DISTRIBUTION, ETC.
Place of publication, distribution, etc. [Indianapolis :
Name of publisher, distributor, etc. Bobbs-Merrill,
Date of publication, distribution, etc. 1963]
440 #0 - SERIES STATEMENT/ADDED ENTRY--TITLE
Title Charter books
Linkage S10247.1
600 10 - SUBJECT ADDED ENTRY--PERSONAL NAME
Personal name Lindsay, Vachel, 1879-1931.
Dates associated with a name Lindsay, Vachel, 1879-1931.
Linkage S49606.1
949 ## - LOCAL PROCESSING INFORMATION (OCLC)
a PS3523.I58
w lcc
i -2240
m MAIN
t BOOK
l ON-SHELF

No items available.

© 2026 - The University of Zambia Library - Koha v25.11